Stati con più Induisti al mondo - Statistics

Statistiche generali
  • Questo quiz è stato fatto 16 volte
  • Il punteggio medio è 15 su 20
Statistiche sulle risposte
Continente Induisti (in numeri assoluti) Stato % Corretto
America del Nord 828 200 Canada
100%
Asia 1 300 000 Cina
100%
Asia 1 053 000 000 India
100%
America del Nord 3 338 210 Stati Uniti
100%
Asia 14 300 000 Bangladesh
94%
Asia 820 000 Birmania
94%
Asia 4 679 053 Indonesia
94%
Asia 23 677 744 Nepal
94%
Oceania 684 000 Australia
88%
Asia 1 949 850 Malaysia
88%
Asia 4 444 870 Pakistan
88%
Asia 2 671 000 Sri Lanka
88%
Africa 505 000 Sudafrica
81%
Europa 1 020 000 Regno Unito
69%
Africa 670 000 Mauritius
50%
Asia 490 000 Emirati Arabi Uniti
44%
Asia 422 118 Qatar
44%
Asia 303 611 Arabia Saudita
38%
Asia 300 667 Kuwait
38%
Africa 355 497 Uganda
6%
Nessun quiz corrispondente trovato
Distribuzione punteggi
Percentuale di utenti per punteggio
Percentile per numero di risposta
I tuoi punteggi nel tempo
Non hai fatto questo quiz